<?xml version="1.0" encoding="UTF-8"?>
<record
    xmlns:xsi="http://www.w3.org/2001/XMLSchema-instance"
    xsi:schemaLocation="http://www.loc.gov/MARC21/slim http://www.loc.gov/standards/marcxml/schema/MARC21slim.xsd"
    xmlns="http://www.loc.gov/MARC21/slim">

  <leader>00717nam a2200205   4500</leader>
  <controlfield tag="001"> 85190</controlfield>
  <controlfield tag="003">BD-RjUL</controlfield>
  <controlfield tag="005">20250713155232.0</controlfield>
  <controlfield tag="008">250713s1941    pk ||||| |||| 00| p urd d</controlfield>
  <datafield tag="035" ind1=" " ind2=" ">
    <subfield code="a">(BD-RjUL) 85190</subfield>
  </datafield>
  <datafield tag="040" ind1=" " ind2=" ">
    <subfield code="a">BD-RjUL</subfield>
    <subfield code="b">eng</subfield>
    <subfield code="c">BD-RjUL</subfield>
  </datafield>
  <datafield tag="041" ind1=" " ind2=" ">
    <subfield code="a">urd</subfield>
  </datafield>
  <datafield tag="082" ind1=" " ind2=" ">
    <subfield code="2">23</subfield>
    <subfield code="a">891.4391</subfield>
    <subfield code="b">WAT 1961</subfield>
  </datafield>
  <datafield tag="100" ind1=" " ind2=" ">
    <subfield code="a">&#x648;&#x62D;&#x634;&#x62A;&#x60C;,) / Wa&#x1E25;shat </subfield>
    <subfield code="d"> 1881-1956</subfield>
    <subfield code="9">16009</subfield>
  </datafield>
  <datafield tag="245" ind1=" " ind2=" ">
    <subfield code="a">&#x62A;&#x631;&#x627;&#x646;&#x6C2; &#x648;&#x62D;&#x634;&#x62A; : &#x6A9;&#x644;&#x627;&#x645; &#x62E;&#x627;&#x646; &#x628;&#x6C1;&#x627;&#x62F;&#x631; &#x631;&#x636;&#x627; &#x639;&#x644;&#x649; &#x648;&#x62D;&#x634;&#x62A; &#x6A9;&#x644;&#x6A9;&#x62A;&#x648;&#x649; / Tar&#x101;nah-yi Va&#x1E25;shat : Kal&#x101;m-i K&#x332;h&#x332;&#x101;n Bah&#x101;dur Raz&#x324;&#x101; &#x2BB;Al&#x12B; Wa&#x1E25;shat Kalkatv&#x12B; /</subfield>
    <subfield code="c">&#x648;&#x62D;&#x634;&#x62A;&#x60C;,, / Va&#x1E25;shat </subfield>
  </datafield>
  <datafield tag="260" ind1=" " ind2=" ">
    <subfield code="a">Lahore:</subfield>
    <subfield code="b">,&#x645;&#x6A9;&#x62A;&#x628;&#x6C1; &#x62C;&#x62F;&#x6CC;&#x62F;</subfield>
    <subfield code="c">1961</subfield>
  </datafield>
  <datafield tag="300" ind1=" " ind2=" ">
    <subfield code="a">V. ;</subfield>
    <subfield code="c">17 cm</subfield>
  </datafield>
  <datafield tag="650" ind1=" " ind2=" ">
    <subfield code="a">Urdu Poetry</subfield>
  </datafield>
  <datafield tag="942" ind1=" " ind2=" ">
    <subfield code="2">ddc</subfield>
    <subfield code="c">BK</subfield>
  </datafield>
  <datafield tag="999" ind1=" " ind2=" ">
    <subfield code="c">85190</subfield>
    <subfield code="d">85190</subfield>
  </datafield>
  <datafield tag="952" ind1=" " ind2=" ">
    <subfield code="0">0</subfield>
    <subfield code="1">0</subfield>
    <subfield code="2">ddc</subfield>
    <subfield code="4">0</subfield>
    <subfield code="7">1</subfield>
    <subfield code="8">NFIC</subfield>
    <subfield code="a">RUCL</subfield>
    <subfield code="b">RUCL</subfield>
    <subfield code="c">Reading</subfield>
    <subfield code="d">1967-05-12</subfield>
    <subfield code="e">Sh. Mubarak ali</subfield>
    <subfield code="g">7.00</subfield>
    <subfield code="o">U 891.4391 WAT V-1 1961</subfield>
    <subfield code="r">2025-07-13 00:00:00</subfield>
    <subfield code="t">C-1</subfield>
    <subfield code="y">BK</subfield>
  </datafield>
</record>
